Collaboration entre pédiatres et psychiatres d'enfants en hôpital général (notice n° 1586990)

détails MARC
000 -LEADER
fixed length control field 01874cam a2200265 4500500
005 - DATE AND TIME OF LATEST TRANSACTION
control field 20251228060116.0
041 ## - LANGUAGE CODE
Language code of text/sound track or separate title fre
042 ## - AUTHENTICATION CODE
Authentication code dc
100 10 - MAIN ENTRY--PERSONAL NAME
Personal name Leblanc, Antoine
Relator term author
245 00 - TITLE STATEMENT
Title Collaboration entre pédiatres et psychiatres d'enfants en hôpital général
260 ## - PUBLICATION, DISTRIBUTION, ETC.
Date of publication, distribution, etc. 2005.<br/>
500 ## - GENERAL NOTE
General note 60
520 ## - SUMMARY, ETC.
Summary, etc. Résumé La collaboration entre les pédiatres et les psychiatres s’est développée régulièrement ces dernières années, non sans quelques difficultés et quelques questions. Cette psychiatrie dite de liaison-consultation s’exerce sous différentes formes et concerne des pathologies variées. La description de différentes demandes d’intervention psy dans un service de pédiatrie générale et le regard du psychiatre sur ces demandes permettent d’analyser ce type de pratique et de montrer sa richesse et sa complexité.
520 ## - SUMMARY, ETC.
Summary, etc. Cooperation between paediatricians and psychiatrics regularly increased these last years raising some difficulties and questions. This type of psychiatry, so called “liaison-consultation”, is performed under various modes and is relevant to various pathologies. The description of the different psychiatric requests in a general paediatric department and the views of the psychiatrics over these requests enable a comprehensive analysis on this type of behaviour and to demonstrate its complexity and the magnitude of its scope
690 ## - LOCAL SUBJECT ADDED ENTRY--TOPICAL TERM (OCLC, RLIN)
Topical term or geographic name as entry element adolescent
690 ## - LOCAL SUBJECT ADDED ENTRY--TOPICAL TERM (OCLC, RLIN)
Topical term or geographic name as entry element enfant
690 ## - LOCAL SUBJECT ADDED ENTRY--TOPICAL TERM (OCLC, RLIN)
Topical term or geographic name as entry element pédiatrie
690 ## - LOCAL SUBJECT ADDED ENTRY--TOPICAL TERM (OCLC, RLIN)
Topical term or geographic name as entry element pédopsychiatrie
690 ## - LOCAL SUBJECT ADDED ENTRY--TOPICAL TERM (OCLC, RLIN)
Topical term or geographic name as entry element general paediatric department
690 ## - LOCAL SUBJECT ADDED ENTRY--TOPICAL TERM (OCLC, RLIN)
Topical term or geographic name as entry element multidisciplinary system
690 ## - LOCAL SUBJECT ADDED ENTRY--TOPICAL TERM (OCLC, RLIN)
Topical term or geographic name as entry element psychiatric requests
700 10 - ADDED ENTRY--PERSONAL NAME
Personal name Duverger, Philippe
Relator term author
786 0# - DATA SOURCE ENTRY
Note Enfances & Psy | 30 | 1 | 2005-12-01 | p. 79-91 | 1286-5559
856 41 - ELECTRONIC LOCATION AND ACCESS
Uniform Resource Identifier <a href="https://shs.cairn.info/revue-enfances-et-psy-2006-1-page-79?lang=fr&redirect-ssocas=7080">https://shs.cairn.info/revue-enfances-et-psy-2006-1-page-79?lang=fr&redirect-ssocas=7080</a>

Pas d'exemplaire disponible.

PLUDOC

PLUDOC est la plateforme unique et centralisée de gestion des bibliothèques physiques et numériques de Guinée administré par le CEDUST. Elle est la plus grande base de données de ressources documentaires pour les Étudiants, Enseignants chercheurs et Chercheurs de Guinée.

Adresse

627 919 101/664 919 101

25 boulevard du commerce
Kaloum, Conakry, Guinée

Réseaux sociaux

Powered by Netsen Group @ 2025